| 000 | 00000nas##2200000za#4500 |
| 001 | 9.509633 |
| 003 | CaOODSP |
| 005 | 20200325130824 |
| 007 | ta |
| 008 | 150406c1994||||xxc|| m #||||f| |0fre|d |
| 040 | |aCaOODSP|bfre |
| 041 | |aeng |
| 041 | |afre |
| 043 | |an-cn--- |
| 086 | 1 |aSC94-57 |
| 110 | 1 |aCanada.|bCentre canadien de gestion. |
| 245 | 10|aExplorations : |bperspectives sur la gestion publique |
| 260 | |aOttawa - Ontario : |bCentre canadien de gestion |
| 500 | |a«Chaque séance dont se compose cette série est conçue de façon à constituer une tribune très animée permettant à un conférencier invité qui possède de vastes connaissances sur le sujet à l'ordre du jour de communiquer sa façon de penser et ses perceptions à un petit nombre de participants provenant surtout de la fonction publique fédérale.»--Page ii. |
| 520 | 3 |aChaque séance dont se compose cette série est conçue de façon à constituer une tribune très animée permettant à un conférencier invité qui possède de vastes connaissances sur le sujet à l'ordre du jour de communiquer sa façon de penser et ses perceptions à un petit nombre de participants provenant surtout de la fonction publique fédérale.--Page ii |
| 563 | |aReliure à anneaux |
| 775 | 08|tExplorations |w(CaOODSP)9.514896 |
| 791 | |tExplorations : |eeng|w(CaOODSP)9.509632 |